000
00197nam a2200085Ia 4500
008
120527s9999 xx 000 0 und d
100
_a
Benokraitis, V.
245
_a
Marriage and families
942
_c
BK
999
_c
27791
_d
27791